000 00922aas a2200217 4500
999 _c3004
_d3004
003 BR-BrBNA
005 20230317233655.0
007 ta
008 230119b bl ||||| |||| 00| 0 por d
035 _a000485-5
040 _aBR-BrBNA
_bPor
_cBR-BrBNA
042 _aN
044 _abl
245 _aInformação Técnica - Empresa Paranaense de Pesquisa de Assistência Técnica e Extensão Rural (Brazil)
260 _aCuritiba-PR
_bEmpresa Paranaense de Pesquisa de Assistência Técnica e Extensão Rural
_c1991
_eBPR
270 _aRua da Bandeira, 500 - Caixa Postal 1662 - 80035-270
310 _airregular
505 _a1991 (4,8-9,11); 1992 (14); 1993 (20,24); 1994 (27); 1995 (32); 1996 (35); 1997 (11 5ªed,23,36,38-40); 1998 (31,42); 1999 (34 3ºed,45-50); 2000 (51-57); 2001 (58-70); 2007 (74); 2008 (75); 2009 (79-80); 2010 (81-83); 2012 (109); 2013 (88); 2018 (96);
909 _a56
_bSergio Santos
_c56
_dSergio Santos
942 _cCR
_2AGRIS